000 00561nam a2200193Ia 4500
005 20260120131847.0
008 008 260114s9999 xx 000 0 eng d
020 _a9781383006254
037 _aEBOOK
040 _aCRL
_beng
_cCRL
041 _aeng
_2eng
084 _qCRL
100 _aBuxton
_9932074
245 0 _aFrom Myth to Reason? Studies in the Development of Greek Thought
260 _bOxford University PressOxford University Press
_c2023
856 _uhttps://academic.oup.com/book/47052
942 _cEBOOK
999 _c1523996
_d1523996